| 000 | 00494nam a22001697a 4500 | ||
|---|---|---|---|
| 005 | 20260514120735.0 | ||
| 008 | 260514b |||||||| |||| 00| 0 eng d | ||
| 020 | _a9781606495261 | ||
| 041 | _aEng | ||
| 082 | _a658.4034 NAG | ||
| 100 | _aNag, Bodhibrata | ||
| 245 | _aBusiness Applications of Operations Research | ||
| 260 |
_aNew York _bBusiness Expert Press _c2013 |
||
| 300 | _a150;. P. 23 cm | ||
| 650 | _aOperations research; Industrial management--Mathematical models | ||
| 942 | _cBK | ||
| 999 |
_c46591 _d46591 |
||